000 00305nam a22001457a 4500
008 221108b ||||| |||| 00| 0 eng d
020 _a9780471426868
041 _aeng
080 _a7
082 _a7MON
100 _a21.2
101 _aART
245 _aART OF THE EVENT
_cMONROE J
942 _2udc
_cBK
999 _c58789
_d58789